000 00382nam a22001457a 4500
999 _c8026
_d8024
005 20220620104415.0
008 220620b ||||| |||| 00| 0 eng d
041 _aeng
100 _aLOKHARE ,RAHUL B AND OTHERS
_97324
245 _aA TEXTBOOK OF BIO-CHEMISTRY AND CLINICAL PATHOLOGY
260 _bS.VIKASH AND COMPANY
300 _a181; p
650 _aPHARMACY
_97325
942 _cBK